• 首页
  • 本馆介绍
  • 公告通知
  • 最新文献
  • 馆藏检索
  • 电子资源
  • 读者导购
  • 参考咨询
  • 我的图书馆
  • 登录
  • 详细信息显示
  • 放入我的书架
  • 预约/预借图书
  • 作者相关作品
  • 分类相关作品
  • 丛书相关作品
  • 出版社相关作品

书目信息

  • 表格格式
  • 工作单格式
  • 卡片格式
题名:
雷锋
    
 
作者: 朱薇 著
分册:  
出版信息: 长春   吉林文史出版社  2012
页数: 126页
开本: 22cm
丛书名: 《100位新中国成立以来感动中国人物》丛书
单 册:
中图分类: K825.2=72 , K825.2
科图分类:
主题词:
电子资源:
ISBN: 978-7-5472-1134-2
000 00692oam2 2200241 450
001 2356559724
005 20231129020429.63
010    @a978-7-5472-1134-2@dCNY29.80
100    @a20141209d2012 em y0chiy50 ea
101 0  @achi
102    @aCN@b220000
105    @aa z 000yb
200 1  @a雷锋@9lei feng@f朱薇著
210    @a长春@c吉林文史出版社@d2012
215    @a126页@c照片@d22cm
225 1  @a《100位新中国成立以来感动中国人物》丛书
461  0 @12001 @a《100位新中国成立以来感动中国人物》丛书
600  0 @a雷锋@f(1940-1962)@x生平事迹
690    @aK825.2=72@v5
690    @aK825.2@v4
701  0 @a朱薇@9zhu wei@4著
801  0 @aCN@b91MARC@c20150426
905    @aZUCC@dK825.2@e443
    
    雷锋/朱薇著.-长春:吉林文史出版社,2012
    126页:照片;22cm.-(《100位新中国成立以来感动中国人物》丛书)
    
    
    ISBN 978-7-5472-1134-2:CNY29.80
    
●
相关链接 在五车中查询图书 在当当中查询图书 在豆瓣中查询图书


正题名:雷锋     索取号:K825.2/443         预约/预借

序号 登录号 条形码 馆藏地/架位号 状态 备注
1 2001017689   2001017689   第四书库/四033架A面4层5列/ [索取号:K825.2/443] 在馆    
2 2001017690   2001017690   第四书库/四033架A面4层5列/ [索取号:K825.2/443] 在馆    
3 2001017691   2001017691   第四书库/四033架A面4层5列/ [索取号:K825.2/443] 在馆    
4 2001017692   2001017692   第四书库/四033架A面4层5列/ [索取号:K825.2/443] 在馆    
5 2001017693   2001017693   第四书库/四033架A面4层5列/ [索取号:K825.2/443] 在馆    
6 2001017694   2001017694   第四书库/四033架A面4层5列/ [索取号:K825.2/443] 在馆    
山东省滨州职业学院图书馆 欢迎您!
大连网信软件有限公司© 版权所有